| 000 | 00642nam a2200229Ia 4500 | ||
|---|---|---|---|
| 003 | OSt | ||
| 005 | 20220928102216.0 | ||
| 006 | a|||||r|||| 00| 0 | ||
| 007 | ta | ||
| 008 | 220927b |||||||| |||| 00| 0 eng d | ||
| 024 | _a41209 | ||
| 037 | _cTextual | ||
| 040 |
_aSDCL _cSDCL _beng |
||
| 041 |
_2eng _aeng |
||
| 082 | _aX64.1'N8, M4 | ||
| 100 |
_aGorostiaga Xabier _9397155 |
||
| 245 | 0 | _aRole of the international financial centres in underdeveloped countries. | |
| 260 |
_aLondon _bCroom Helm _c1984 |
||
| 300 |
_a148p _ccm. |
||
| 942 |
_hX64.1'N8, M4 _cTEXL _2CC |
||
| 999 |
_c712951 _d712951 |
||